Entry Personal Name
Number of records used in: 1
001 - CONTROL NUMBER
003 - CONTROL NUMBER IDENTIFIER
005 - DATE AND TIME OF LATEST TRANSACTION
- control field:
20220926142745.0
008 - FIXED-LENGTH DATA ELEMENTS
- fixed length control field:
030228n| acannaabn |n aaa
010 ## - LIBRARY OF CONGRESS CONTROL NUMBER
- LC control number:
n 2003007635
040 ## - CATALOGING SOURCE
- Original cataloging agency:
DLC
- Language of cataloging:
eng
- Transcribing agency:
DLC
100 1# - HEADING--PERSONAL NAME
- Personal name:
Alli, Inteaz
670 ## - SOURCE DATA FOUND
- Source citation:
Alli, Inteaz. Food quality assurance, 2003:
- Information found:
CIP t.p. (Inteaz Alli)